Southville International School and Colleges
Your cart is empty.
  • Cart
  • Lists
    Public lists Eva Luna New books Lux_list list_1
    Your lists Log in to create your own lists
  • Log in to your account
  • Your cookies
  • Search history
Southville International School and Colleges
  • Advanced search
  • Recent comments
  • Most popular
  • Libraries

Log in to your account

Log in with GOOGLE


If you do not have an external account, but do have a local account, you can still log in:

  1. Home
  2. MARC view: A pocket book of short stories
Normal view MARC view ISBD view

A pocket book of short stories (Record no. 16815)

[ view plain ]
MARC details
000 -LEADER
fixed length control field 00785nam a2200277u 4500
001 - CONTROL NUMBER
control field 6913218
003 - CONTROL NUMBER IDENTIFIER
control field OSt
005 - DATE AND TIME OF LATEST TRANSACTION
control field 20140310182839.0
008 - FIXED-LENGTH DATA ELEMENTS--GENERAL INFORMATION
fixed length control field 830421s1941 nyu 000 0 eng
010 ## - LIBRARY OF CONGRESS CONTROL NUMBER
LC control number 41008084
020 ## - INTERNATIONAL STANDARD BOOK NUMBER
International Standard Book Number 067168955X
040 ## - CATALOGING SOURCE
Original cataloging agency DLC
Transcribing agency CarP
Modifying agency DLC
050 00 - LIBRARY OF CONGRESS CALL NUMBER
Classification number PZ 1
Item number .Sp741 1969
082 ## - DEWEY DECIMAL CLASSIFICATION NUMBER
Classification number M 823
Item number Ap4 1969
100 1# - MAIN ENTRY--PERSONAL NAME
Personal name Speare, Morris Edmund,
Dates associated with a name 1884- [from old catalog]
Relator term ed.
245 14 - TITLE STATEMENT
Title A pocket book of short stories
Statement of responsibility, etc Speare, Edmund
260 ## - PUBLICATION, DISTRIBUTION, ETC. (IMPRINT)
Place of publication, distribution, etc New York,
Name of publisher, distributor, etc Pocket books,
Date of publication, distribution, etc c1969.
300 ## - PHYSICAL DESCRIPTION
Extent xii, 336 p.
Dimensions 17 cm.
521 ## - TARGET AUDIENCE NOTE
Target audience note
526 ## - STUDY PROGRAM INFORMATION NOTE
Reading level 1210L to 1700L
541 ## - IMMEDIATE SOURCE OF ACQUISITION NOTE
-- 1
562 ## - COPY AND VERSION IDENTIFICATION NOTE
Number of copies 1
650 #0 - SUBJECT ADDED ENTRY--TOPICAL TERM
Topical term or geographic name as entry element Short stories. [from old catalog]
906 ## - LOCAL DATA ELEMENT F, LDF (RLIN)
a 0
b cbc
c premunv
d u
e ncip
f 19
g y-gencatlg
942 ## - ADDED ENTRY ELEMENTS (KOHA)
Source of classification or shelving scheme Library of Congress Classification
Koha item type Books
Call number prefix
Holdings
Withdrawn status Lost status Source of classification or shelving scheme Damaged status Home library Current library Shelving location Date acquired Source of acquisition Total Checkouts Full call number Barcode Date last seen Date checked out Copy number Price effective from Koha item type
    Library of Congress Classification   Archives Archives   06/07/2013 Donation 1 PZ 1 .Sp741 1969 C1609 05/15/2018 05/21/2015 1 06/07/2013 Books

A pocket book of short stories

APA

Speare M. E., . (1969). A pocket book of short stories. New York: Pocket books.

Chicago

Speare Morris Edmund, . 1969. A pocket book of short stories. New York: Pocket books.

Harvard

Speare M. E., . (1969). A pocket book of short stories. New York: Pocket books.

MLA

Speare Morris Edmund, . A pocket book of short stories. New York: Pocket books. 1969.

  • Place hold
  • Print
  • Cite
  • Add to your cart (remove)
  • Save record
    BIBTEX Dublin Core MARCXML MARC (non-Unicode/MARC-8) MARC (Unicode/UTF-8) MARC (Unicode/UTF-8, Standard) MODS (XML) RIS
  • More searches
    Search for this title in:
    Other Libraries (WorldCat) Other Databases (Google Scholar) Online Stores (Bookfinder.com) Open Library (openlibrary.org)

Exporting to Dublin Core...

SOUTHVILLE LIBRARY

Southville International School and Colleges Library

1281 Tropical Ave. Cor. Luxembourg St., BF Homes International, Las Pinas City

Tel. No. 8256374 / 252358 Loc. 117/146

Powered by Koha